000 00620nam a2200229Ia 4500
003 OSt
005 20220924120301.0
006 a|||||r|||| 00| 0
007 ta
008 220923b |||||||| |||| 00| 0 urd d
024 _a317958
037 _cTextual
040 _aARTS
_cARTS
_burd
041 _2urd
_aurd
082 _aO41,3x, 168J4
100 _aZ. Ansari Au.
_9181492
245 0 _aCheen ki behtareen kahaniyan
260 _aDelhi
_bMaktaba shahrah India
_c1954
650 _aCHINESE LITERATURE
942 _hO41,3x, 168J4
_cTEXL
_2CC
999 _c402117
_d402117